"Racista, eu?" (Registo nº 736)

Detalhes MARC
000 -Etiqueta do registo
Cabeçalho 00750nam0a22003011 4500
005 - Identificador da versão
Campo de controlo 20240813121811.0
010 ## - Número internacional normalizado dos livros (ISBN)
Número (ISBN) 9282840239
021 ## - Número do Depósito Legal
Código do país PT
035 ## - Other System Control Numbers
System Control Number 0000806
System Control Number 0000801
System Control Number 0000794
System Control Number 0000782
100 ## - Dados gerais de processamento
Dados gerais de processamento 20071026d1998 a e0pory5003 ba
102 ## - Pais de publicação ou produção
País de publicação Portugal
101 1# - Língua de publicação
Língua do texto, banda sonora, etc. Português
Língua do documento no original Francês
106 ## - Campo de dados codificados: material textual
Dados codificados do material textual r
105 ## - Campo de dados codificados: livros
Dados codificados dos livros a z 001yy
215 ## - Descrição física 
Indicação específica da natureza do documento e extensão da espécie 31 p.
Outras indicações físicas il.
Dimensões cm
200 1# - Titulo e menção de responsabilidade
Título próprio "Racista, eu?"
Primeira menção de responsabilidade Concerto Brussels
Outras menções de responsabilidade il. Sérgio Salma
205 ## - Menção da edição
Menção da edição 1ªed
210 ## - Publicação, Distribuição, etc. 
Lugar da edição, distribuição, etc. Luxemburgo
Nome do editor, distribuidor, etc. Serviço das Publicações Oficiais das Comunidades Europeias
Data da publicação, distribuição, etc. 1998
675 ## - Classificação Decimal Universal (CDU)
Notação 3.347
Língua da edição por
702 #1 - Nome de autor-pessoa física (responsabilidade secundária)
Número de registo de entrada de autoridade 0001013
Código de função Técnico gráfico / Colorista / Desenhador gráfico / Designer / Impressor de fotografias / Técnico de desenho computorizado
700 #1 - Nome de autor-pessoa física (responsabilidade principal)
Número de registo de entrada de autoridade 0001012
Palavra de ordem Brussels
942 ## - Elementos de entrada adicionados (Koha)
Tipo de item no Koha Livro
Exemplares
Situação do levantamento Origin of item (home branch) (coded) Biblioteca de empréstimo Código de barras Circulation type (not for loan) Tipo de documento Nota do exemplar Damaged status
  Biblioteca Escolar Eng. Nuno Mergulhão Biblioteca Escolar Eng. Nuno Mergulhão BENM1265   Livro Sem mensagem